<?xml version="1.0" encoding="UTF-8"?>
<record
    xmlns:xsi="http://www.w3.org/2001/XMLSchema-instance"
    xsi:schemaLocation="http://www.loc.gov/MARC21/slim http://www.loc.gov/standards/marcxml/schema/MARC21slim.xsd"
    xmlns="http://www.loc.gov/MARC21/slim">

  <leader>00310nam a2200109Ia 4500</leader>
  <controlfield tag="001">587452</controlfield>
  <controlfield tag="005">20250717113816.0</controlfield>
  <controlfield tag="008">250717s9999    xx            000 0 und d</controlfield>
  <datafield tag="245" ind1=" " ind2="0">
    <subfield code="a">X-6 &#xC7;OCUKLAR &#x130;&#xC7;&#x130;N SANAL ORTAM DESTEKL&#x130; SANAT</subfield>
    <subfield code="c">ANNA BRETT</subfield>
  </datafield>
  <datafield tag="260" ind1=" " ind2=" ">
    <subfield code="b">T&#xDC;RK&#x130;YE &#x130;&#x15E; BANKASI YAYINLARI</subfield>
    <subfield code="c">2020</subfield>
  </datafield>
  <datafield tag="300" ind1=" " ind2=" ">
    <subfield code="b">18</subfield>
  </datafield>
  <datafield tag="999" ind1=" " ind2=" ">
    <subfield code="c">587452</subfield>
    <subfield code="d">587452</subfield>
  </datafield>
</record>
